Vista normal
Vista MARC
Entrada Topical Term
Número de registros utilizados en: 1
001 - CONTROL NUMBER
- control field: 13882
003 - CONTROL NUMBER IDENTIFIER
- control field: OSt
005 - DATE AND TIME OF LATEST TRANSACTION
- control field: 20210224130453.0
008 - FIXED-LENGTH DATA ELEMENTS
- fixed length control field: 210224|| aca||aabn | a|a d
040 ## - CATALOGING SOURCE
- Original cataloging agency: OSt
- Transcribing agency: OSt
150 ## - HEADING--TOPICAL TERM
- Topical term or geographic name entry element: Patrimonio cultural
- Form subdivision: cuentos
- Geographic subdivision: Cota (Cundinamarca, Colombia)
670 ## - SOURCE DATA FOUND
- Source citation: Work cat.: (OSt): Mejía Ángel, Víctor Manuel, editor 13880, Voces del Majuy : , 2017